000 00855nam a22002057a 4500
999 _c837
_d837
005 20251125232733.0
008 s2527 th tha d
040 _aNALT
041 _atha
050 _aDS589 ก4ล6
100 0 _aลาวัณย์ โชตามระ
245 1 0 _aชีวิตชาวกรุงสมัยก่อนศตวรรษมาแล้ว และชีวิตชาวกรุงสมัยสงคราม
260 3 _bแพร่พิทยา,
_c2527
300 _a244 หน้า :
_b ภาพประกอบ
650 0 4 _aกรุงเทพฯ -- ความเป็นอยู่และประเพณี
650 0 4 _aกรุงเทพฯ -- ประวัติ
850 _aNALT
856 4 0 _uhttps://hdl.handle.net/20.500.14156/462393
_71
942 _cGB
_2lcc